| 000 | 00592nam a2200109Ia 4500 | ||
|---|---|---|---|
| 008 | 220620s9999||||xx |||||||||||||| ||und|| | ||
| 245 | 4 |
_aThe Digitalization of Financial Markets _bThe Socioeconomic Impact of Financial Technologies |
|
| 546 | _aEnglish[eng] | ||
| 650 | _abond markets; digital financial markets; digital financial markets; Digitalization of Financial Markets; financial institutions; financial markets; financial technologies; FinTech; ICT impact financial markets; information and communication technologies; stock markets | ||
| 700 | _aMarszk, Adam||Lechman, Ewa | ||
| 942 | _cEB | ||
| 999 |
_c33876 _d33876 |
||